=LDR 00000nam 2200000 4500 =001 INLIS000000000026413 =005 20130612124845 =008 ***********************************ind** =035 ##$$0010-061300000026413 =041 ##$$a ind =082 ##$$a 028.5 =090 ##$$a 028.5, SUN d =100 ##$$a Sunarto, Sus =245 ##$$a Dalam Sekapan rumah sunyi, Sus Sunarto =260 ##$$a 1996 $b Surabaya =300 ##$$a 130 hlm., ilus., 21 cm =650 ##$$a Cerita Kanak-kanak =850 ##$$a NBPNMAT